JR西日本の駅乗降客数ランキングWORST100 - Statistics

General Stats
  • This quiz has been taken 160 times
  • The average score is 28 of 107
Answer Stats
順位 都道府県 乗降客数 % Correct
1 広島県 0 道後山
63%
5 岡山県 2 布原
61%
5 長野県 2 北小谷
58%
18 島根県 4 出雲坂根
54%
28 島根県 6 三井野原
50%
5 新潟県 2 姫川
48%
18 広島県 4 比婆山
48%
5 広島県 2 油木
47%
5 長野県 2 中土
46%
60 岡山県 14 備中神代
45%
5 広島県 2 小奴可
44%
5 広島県 2
42%
18 新潟県 4 平岩
41%
5 福井県 2 勝原
39%
5 福井県 2 越前下山
37%
94 山口県 20 特牛
37%
94 広島県 22 東城
37%
28 新潟県 6 根知
36%
28 広島県 6 内名
33%
72 兵庫県 16 居組
33%
82 兵庫県 18
33%
82 兵庫県 18 久谷
33%
1 広島県 0 備後八幡
32%
18 新潟県 4 小滝
31%
53 岡山県 12 新郷
31%
60 鳥取県 14 上石見
31%
18 福井県 4 下唯野
30%
39 岡山県 8 足立
30%
60 福井県 14 足羽
30%
1 島根県 0 八川
29%
60 島根県 14 南大東
29%
1 福井県 0 柿ヶ島
28%
5 山口県 2 木与
28%
5 広島県 2 備後三日
28%
18 岡山県 4 坂根
28%
28 福井県 6 計石
28%
28 島根県 6 南宍道
28%
60 和歌山県 14 紀伊姫
28%
18 福井県 4 越前田野
27%
72 福井県 16 小和清水
27%
72 岡山県 16 市岡
27%
28 福井県 6 越前薬師
25%
39 広島県 8 平子
25%
53 岡山県 12 知和
25%
60 岡山県 14 岩山
25%
82 福井県 18 六条
25%
5 広島県 2 山ノ内
24%
28 島根県 6 飯浦
24%
28 広島県 6 下和知
24%
53 山口県 12 飯井
24%
60 福井県 14 越前大宮
24%
60 兵庫県 14 新西脇
24%
72 兵庫県 16 日本へそ公園
24%
82 広島県 18 備後矢野
24%
94 岡山県 22 美作河井
24%
94 島根県 22 青原
23%
82 島根県 18 戸田小浜
22%
94 山口県 20 南大嶺
22%
18 福井県 4 牛ヶ原
21%
45 山口県 10 船平山
21%
94 島根県 22 出雲八代
21%
39 島根県 8 日登
20%
39 広島県 8 七塚
20%
45 和歌山県 10 田子
20%
45 山口県 10 湯ノ峠
20%
53 福井県 12 越前富田
20%
53 兵庫県 12 久下村
20%
53 和歌山県 12 紀伊有田
20%
72 広島県 16 神杉
20%
72 島根県 16 東青原
20%
82 山口県 18 宇田郷
20%
18 島根県 4 久代
19%
45 和歌山県 10 湯川
19%
60 広島県 14 備後安田
19%
72 福井県 16 越前高田
19%
72 島根県 16 折居
19%
18 島根県 4 本俣賀
18%
39 島根県 8 湯里
18%
72 京都府 16 立木
18%
94 島根県 20 馬路
18%
94 山口県 20 浜河内
18%
94 和歌山県 22 見老津
18%
28 広島県 6 西三次
17%
28 山口県 6 宇賀本郷
17%
28 島根県 6 青野山
17%
39 島根県 8 下久野
17%
45 兵庫県 10 船町口
17%
60 和歌山県 14 田並
17%
82 島根県 18 石見横田
17%
60 鳥取県 14 上菅
16%
82 山口県 18 伊上
16%
94 島根県 22 五十猛
16%
5 広島県 2 中畑
15%
45 広島県 10 梶田
15%
45 山口県 10 鍋倉
15%
53 山口県 12 四郎ヶ原
15%
72 山口県 16 渋木
15%
82 山口県 18 名草
15%
94 山口県 22 越ヶ浜
15%
94 岡山県 22 西勝間田
15%
60 山口県 14 篠目
14%
82 和歌山県 18 紀伊浦神
13%
82 山口県 18 渡川
13%
94 山口県 22 板持
13%
45 山口県 10 重安
11%
94 山口県 22 目出
7%
82 山口県 18 長門長沢
6%
No matching quizzes found
Score Distribution
Percent of People with Each Score
Percentile by Number Answered
Your Score History
You have not taken this quiz